000 00503nam a22001575i 4500
001 98921
003 ES-MaACL
007 t|
008 950920s1898 sp ||||1| spa d
040 _aCAM
_bspa
_cCAM
100 1 _aEchevarría, Rodrigo.
_946554
245 1 0 _aDe algunos sucesos del Monasterio de Silos
_b: desde el año 1832 en adelante /
_cpor Rodrigo Echevarría.
260 _aBurgos :
_b[s.n.],
_c1898 (
_fImp. del Diario de Burgos)
300 _a70 p. ;
_c16 cm.
852 _aES-MaACL
_jT-999-F-4
999 _c98921
_d98921